Allocation of pension : explanatory memorandum (Record no. 429082)

000 -LEADER
fixed length control field 00311cam a22000977a 4500
008 - FIXED-LENGTH DATA ELEMENTS--GENERAL INFORMATION
fixed length control field 180718b xxu||||| |||| 00| 0 eng d
082 ## - DEWEY DECIMAL CLASSIFICATION NUMBER
Classification number K85x42
245 ## - TITLE STATEMENT
Title Allocation of pension : explanatory memorandum
260 ## - PUBLICATION, DISTRIBUTION, ETC.
Place of publication, distribution, etc. London
Name of publisher, distributor, etc. Her Majesty's Stationery Office
Date of publication, distribution, etc.
500 ## - GENERAL NOTE
General note Contents : Library has 1946, 1955, 1957, 1970
Holdings
Withdrawn status Lost status Damaged status Not for loan Permanent Location Current Location Date acquired Full call number Barcode Date last seen Price effective from Koha item type
        Indian Institute of Public Administration Indian Institute of Public Administration 2009-12-21 K85x42 11569 2018-07-21 2018-07-21 Book
        Indian Institute of Public Administration Indian Institute of Public Administration 2009-12-21 K85x42 6804 2018-07-21 2018-07-21 Book
        Indian Institute of Public Administration Indian Institute of Public Administration 2009-12-21 K85x42 6214 2018-07-21 2018-07-21 Book

Powered by Koha